000 00555cam a2200193 4500500
005 20260405003203.0
041 _afre
042 _adc
100 1 0 _aN’Diaye, Aïda
_eauthor
245 0 0 _aPréserver nos solitudes
260 _c2020.
500 _a70
690 _aJohn Muir
690 _aNature
690 _aSauvage
690 _aSolitude
786 0 _nPhilosophie magazine | 145 | 1 | 2020-12-01 | p. 76-76 | 1951-1787
856 4 1 _uhttps://shs.cairn.info/magazine-philosophie-magazine-2020-12-1-page-76?lang=fr&redirect-ssocas=7080
999 _c2065149
_d2065149